000 00616nam a2200193Ia 4500
005 20250923145421.0
008 008 250917s9999 xx 000 0 eng d
037 _aTextual
040 _aDSWL
_beng
_cDSWL
041 _aeng
_2eng
084 _aY33:7.1(Y:434), N77
_qDSWL
245 0 _aCommunity Programmes for Low-Income population in Urban settlements of development countries
_cby United Nations
260 _aNew York
_b U.N.Publicaitons
_c1976
300 _av,39 p.
365 _aUSD
_b3 . 0
925 _g3 . 0
942 _cTEXL
_hY33:7.1(Y:434), N77
999 _c1451106
_d1451106